Central Library OPAC University of Rajshahi

ইসলামী জীবনাচরণ / (Record no. 74329)

MARC details
000 -LEADER
fixed length control field 01099nam a2200253 a 4500
001 - CONTROL NUMBER
control field 74329
003 - CONTROL NUMBER IDENTIFIER
rucl marc code BD-RjUL
005 - DATE AND TIME OF LATEST TRANSACTION
control field 20211209082534.0
008 - FIXED-LENGTH DATA ELEMENTS--GENERAL INFORMATION
fixed length control field 180710s2017 b ||||| |||| 00| 0 ben d
020 ## - INTERNATIONAL STANDARD BOOK NUMBER
International Standard Book Number 9789849297758
Terms of availability Tk.300.00
035 ## - SYSTEM CONTROL NUMBER
System control number (BD-RjUL)74547
040 ## - CATALOGING SOURCE
Original cataloging agency BD-RjUL
Language of cataloging eng
Transcribing agency BD-RjUL
041 ## - LANGUAGE CODE
Language code of text/sound track or separate title ben
082 ## - DEWEY DECIMAL CLASSIFICATION NUMBER
Edition number 23
Classification number 297
Author mark and year ISL 2017
100 1# - MAIN ENTRY--PERSONAL NAME
Personal name তাহের, মোহাম্মদ আবু
9 (RLIN) 221684
245 10 - TITLE STATEMENT
Title ইসলামী জীবনাচরণ /
Statement of responsibility, etc. মোহা্ম্মদ আবু তাহের , এ বি এম সাইফুল ইসলাম , মোহাম্মদ শাহাদাত হোসেন
260 ## - PUBLICATION, DISTRIBUTION, ETC. (IMPRINT)
Place of publication, distribution, etc. ঢাকা :
Name of publisher, distributor, etc. প্রাইম ইসলামী লাইফ ইন্সুরেন্স ,
Date of publication, distribution, etc. ২০১৭
300 ## - PHYSICAL DESCRIPTION
Pagination ৪১৬ প. ;
Size ২২ সেমি.
650 ## - SUBJECT ADDED ENTRY--TOPICAL TERM
Topical term or geographic name as entry element ইসলাম
9 (RLIN) 221685
Topical term or geographic name as entry element Islam
9 (RLIN) 221686
700 ## - ADDED ENTRY--PERSONAL NAME
Personal name ইসলাম, এ বি এম সাইফুল
Personal name হোসেন, মোহাম্মদ শাহাদাত
942 ## - ADDED ENTRY ELEMENTS (KOHA)
Source of classification or shelving scheme Dewey Decimal Classification
Koha item type Books
Holdings
Lost status Source of classification or shelving scheme Damaged status Not for loan Collection code Permanent Location Current Location Shelving location Date acquired Source of acquisition Cost, normal purchase price Total Checkouts Full call number Date last seen Copy number Koha item type
  Dewey Decimal Classification   Not For Loan Non-fiction Central Library, University of Rajshahi Central Library, University of Rajshahi Reading Room 02/07/2018 prime islami life insurence 300.00   B 297 ISL 2017 10/07/2018 C-1 Books